| 000 | 00391nam a22001457a 4500 | ||
|---|---|---|---|
| 003 | MACL | ||
| 005 | 20190808154531.0 | ||
| 008 | 190808b xxu||||| |||| 00| 0 eng d | ||
| 040 | _c MACL | ||
| 100 |
_aDwivedi, Manan _976170 |
||
| 245 | _aIndia and china : Negotiating Spaces in the Narratives | ||
| 260 |
_aDelhi _bKautilya _c2016 |
||
| 650 |
_aForign Relation _976171 |
||
| 942 |
_2ddc _cBK |
||
| 999 |
_c60692 _d60692 |
||